000 00688nam a2200217 a 4500
005 20260322212008.0
008 data
010 _a92-34844
020 _a0933149492
020 _a978-0-933149-49-6
099 _aBUCKC
100 1 _aBuck, Pearl S. 1892-1973.
_q(Pearl Sydenstricker)
245 1 4 _aThe child who never grew/
_cPearl S. 1892-1973 Buck.
260 _aRockville, Maryland
_bWoodbine House.
_cc1992
300 _a107 p.
650 4 _aBuck, Pearl S. (Pearl Sydenstricker).
650 4 _aMentally handicapped children
_zUnited States
_xhistory
650 4 _aMother and daughters
_zUnited States
650 4 _aParents of handicapped children
_zUnited States
_vbiography
001 data
999 _c144
_d144